NXT - Les participants et leurs coachs - Statistiques

Statistiques générales
  • Ce quiz a été pris 28 fois
  • Le résultat moyen est 25 sur 70
Statistiques - réponses
Réponse % Correct
The Miz
100%
The Miz
100%
Daniel Bryan
87%
Daniel Bryan
87%
Daniel Bryan
87%
Wade Barrett
80%
Chris Jericho
73%
Darren Young
60%
Darren Young
60%
CM Punk
53%
Cody Rhodes
53%
David Otunga
53%
Goldust
53%
Heath Slater
53%
Justin Gabriel
53%
AJ
47%
Christian
47%
Husky Harris
47%
Kaval
47%
R-Truth
47%
R-Truth
47%
Alberto Del Rio
40%
Alberto Del Rio
40%
Dolph Ziggler
40%
John Morrison
40%
Kaitlyn
40%
Kofi Kingston
40%
LayCool
40%
Mark Henry
40%
Michael Tarver
40%
Vickie Guerrero
40%
Brodus Clay
33%
Matt Hardy
33%
Michael McGillicutty
33%
MVP
33%
Skip Sheffield
33%
Titus O'Neil
33%
Titus O'Neil
33%
Aksana
27%
Alex Riley
27%
Byron Saxton
27%
Byron Saxton
27%
Naomi
27%
Primo
27%
Yoshi Tatsu
27%
Zack Ryder
27%
Carlito
20%
Hornswoggle
20%
Johnny Curtis
20%
JTG
20%
Maxine
20%
William Regal
20%
Chavo Guerrero
13%
Chris Masters
13%
Derrick Bateman
13%
Derrick Bateman
13%
Eli Cottonwood
13%
Jacob Novak
13%
Jacob Novak
13%
Les Bella Twins
13%
Lucky Cannon
13%
Lucky Cannon
13%
Percy Watson
13%
Tyson Kidd
13%
Alicia Fox
7%
Conor O'Brian
7%
Conor O'Brian
7%
Jamie Keyes
7%
Kelly Kelly
7%
Vladimir Kozlov
7%
Aucun quiz correspondant
Distribution des résultats
% des personnes avec chaque résultat
Percentile par nombre de réponses
Votre historique - résultats
Vous n’avez pas pris ce quiz